000 00373nam a22001577a 4500
003 OSt
008 240327b |||||||| |||| 00| 0 eng d
020 _a9789386150349
082 _a612 GEP
100 _aGEETHA, N
245 _aPRACTICAL PHYSIOLOGY
260 _aNew Delhi
_bJAYPEE
_c2017
300 _axi,393
650 _aHUMAN ANATOMY AND PHYSIOLOGY
942 _2ddc
_cBK
999 _c12322
_d12322